|
|
|
|
| LEADER |
01949nam a2200409 4500 |
| 001 |
DLU060057285 |
| 005 |
##20061207 |
| 008 |
##961217s1997 nyu 001 0 eng d |
| 010 |
# |
# |
|a 97114346
|
| 020 |
# |
# |
|a 002642956X (student's ed.)
|
| 020 |
# |
# |
|z 0026429578 (teacher's annotated ed.)
|
| 035 |
# |
# |
|9 (DLC) 97114346
|
| 035 |
# |
# |
|a (OCoLC)35126329
|
| 040 |
# |
# |
|a KyMoreU
|c KyMoreU
|d DLC
|
| 042 |
# |
# |
|a lccopycat
|
| 050 |
# |
# |
|a HQ769
|b .H557 1997
|
| 082 |
# |
# |
|a 649.1
|b HI-V
|
| 100 |
# |
# |
|a Hildebrand, Verna
|
| 245 |
# |
# |
|a Parenting :
|b rewards and responsibilities /
|c Verna Hildebrand
|
| 250 |
# |
# |
|a 5th ed.
|
| 260 |
# |
# |
|a New York :
|b Glencoe/McGraw-Hill,
|c 1997
|
| 300 |
# |
# |
|a 608 p. :
|b col. ill. ;
|c 26 cm
|
| 500 |
# |
# |
|a Includes index.
|
| 505 |
# |
# |
|a Parenting decisions: What is parenting; Role of the family; Rewards and responsibilities; Personal readiness; Teenage parenthood; Parenting skills -- Becoming a parent: Planning a family; Pregnancy; Prenatal care; Preparing for baby's arrival; Birth; Adjusting to parenthood -- New baby: Understanding infants; Parenting infants; Health and safety -- Nurturing children: Helping children grow and develop physically; Helping children develop emotionally; Helping children get along with others; Helping children learn; Value of play; Children with special needs -- Guiding children: Encouraging children; Guiding moral development; Guiding children's behavior; Handling common problems -- Family resources: Strengthening families; Family challenges; Selecting child care; Early childhood education; Exploring careers in child care and other occupations -- Glossary.
|
| 650 |
# |
# |
|a Child development.
|
| 650 |
# |
# |
|a Child rearing.
|
| 650 |
# |
# |
|a Parenting.
|
| 923 |
# |
# |
|a 30/2006
|
| 992 |
# |
# |
|a 25.000
|
| 994 |
# |
# |
|a DLU
|
| 900 |
# |
# |
|a True
|
| 911 |
# |
# |
|a Đào Thị Thu Huyền
|
| 925 |
# |
# |
|a G
|
| 926 |
# |
# |
|a A
|
| 927 |
# |
# |
|a SH
|
| 980 |
# |
# |
|a Thư viện Trường Đại học Đà Lạt
|